Music Quiz

Random Music or Artist Quiz

Music Videos Quiz Stats

 Plays Quiz Updated Oct 4, 2018

Score 0/20 Timer 07:00
10 Plays Today
Music Video % Correct
Thriller
95.9%
Single Ladies (Put A Ring On It)
73.7%
Vogue
60.4%
Waterfalls
52.9%
Lady Marmalade
52.2%
...Baby One More Time
49.4%
Take on Me
43.1%
You Belong With Me
40.3%
Sabotage
28.6%
Virtual Insanity
27.4%
Music Video % Correct
You Can Call Me Al
26.6%
Sledgehammer
26.2%
November Rain
26%
Addicted to Love
25.4%
Money for Nothing
24%
Criminal
20.2%
99 Problems
19.8%
Wanted Dead or Alive
9.1%
Just
5.6%
All Is Full of Love
2.4%

You're not logged in!

Compare scores with friends on all Sporcle quizzes.
OR
Log In

Sporcle TV

Today on Sporcle TV


Watch our educational content, quiz creation guides, and fun videos on Sporcle TV.

Show Comments

Extras

Top Quizzes Today


Score Distribution

Your Account Isn't Verified!

In order to create a playlist on Sporcle, you need to verify the email address you used during registration. Go to your Sporcle Settings to finish the process.

Report this User

Report this user for behavior that violates our Community Guidelines.

Details: